Universal's guide to registration of property, deeds, documents etc. in Delhi / (Record no. 93348)
[ view plain ]
| 000 -LEADER | |
|---|---|
| fixed length control field | 00648nam a22002057a 4500 |
| 005 - DATE AND TIME OF LATEST TRANSACTION | |
| control field | 20150625113042.0 |
| 010 ## - LCCN (DPL NO) | |
| LC control number | ENG-112874 |
| 020 ## - INTERNATIONAL STANDARD BOOK NUMBER | |
| Terms of availability | 595.00 |
| International Standard Book Number | 9789350354827 |
| 035 ## - SYSTEM CONTROL NUMBER | |
| System control number | EN-96406 |
| 037 ## - SOURCE OF ACQUISITION | |
| Source of stock number/acquisition | DBAD/PUB |
| 082 ## - DEWEY DECIMAL CLASSIFICATION NUMBER | |
| Classification number | 346.540436 |
| 100 ## - MAIN ENTRY--PERSONAL NAME | |
| Personal name | Gupta, K.K. |
| 245 ## - TITLE STATEMENT | |
| Title | Universal's guide to registration of property, deeds, documents etc. in Delhi / |
| Statement of responsibility, etc | by K.K.Gupta |
| 250 ## - EDITION STATEMENT | |
| Edition statement | 2nd ed |
| 260 ## - PUBLICATION, DISTRIBUTION, ETC. (IMPRINT) | |
| Place of publication, distribution, etc | Delhi |
| Name of publisher, distributor, etc | Universal Law Publishing |
| Date of publication, distribution, etc | 2014 |
| 270 ## - ADDRESS | |
| Address | A-58, G.T Karnal Road Industrial Estate, |
| City | Delhi |
| Postal code | 110033 |
| 300 ## - PHYSICAL DESCRIPTION | |
| Extent | xxviii,415p. |
| Dimensions | 25cm(pbk) |
| 500 ## - GENERAL NOTE | |
| General note | Includes index |
| 942 ## - ADDED ENTRY ELEMENTS (KOHA) | |
| Source of classification or shelving scheme | Dewey Decimal Classification |
| Item type | English Books |
| Call number suffix | GUP |
| Classification part | 346.540436 |
| Withdrawn status | Lost status | Not for loan | Collection code | Home library | Current library | Date acquired | Source of acquisition | Cost, normal purchase price | Full call number | Barcode | Copy number | Cost, replacement price | Koha item type |
|---|---|---|---|---|---|---|---|---|---|---|---|---|---|
| Not For Loan | Non-fiction | D.B.Act.Division | D.B.Act.Division | 06/05/2015 | DBAD/PUB | 595.00 | 346.540436 GUP | EN-96406 | 1 | 595.00 | English Books |
